000 00348nam a2200145Ia 4500
008 230917s9999||||xx |||||||||||||| ||und||
040 _e174763
_aMAIN
041 _aEnglish
082 _a658.4092 P544L
100 _aPhillips, Jack J
245 0 _aLeadership scorecard
260 _aNew Delhi
_bElsevier
_c2004
300 _a321 p.
942 _cBK
999 _c153734
_d153734